Östlichste Groß- und Mittelstädte in Deutschland - Statistiken

Allgemein
  • Dieses Quiz wurde 50 mal gespielt
    8 seit der letzten Aktualisierung
  • Das Durchschnittsergebnis liegt bei 11 aus 20
Antwortstatistiken
Bundesland Längengrad Einwohner Groß- oder Mittelstadt % Korrekt
Brandenburg 14° 20´ 95.123 Cottbus
88%
Sachsen 13° 44´ 563.019 Dresden
88%
Brandenburg 14° 33´ 57.107 Frankfurt (Oder)
88%
Sachsen 14° 59´ 55.395 Görlitz
88%
Sachsen 14° 25´ 37.930 Bautzen
75%
Sachsen 14° 48 ´ 25.286 Zittau
75%
Sachsen 14° 15´ 31.131 Hoyerswerda
63%
Sachsen 13° 56´ 40.148 Pirna
63%
Brandenburg 14° 17´ 33.730 Schwedt/Oder
63%
Brandenburg 13° 48´ 41.481 Eberswalde
50%
Brandenburg 14° 38´ 24.703 Eisenhüttenstadt
50%
Sachsen 13° 40´ 33.044 Radebeul
50%
Brandenburg 13° 35´ 44.597 Bernau bei Berlin
38%
Sachsen 13° 39´ 39.384 Freital
38%
Brandenburg 14° 4´ 32.002 Fürstenwalde/Spree
38%
Brandenburg 14° 23´ 21.140 Spremberg
38%
Brandenburg 13° 38´ 39.360 Königs Wusterhausen
25%
Brandenburg 13° 53´ 27.719 Strausberg
25%
Sachsen 13° 35´ 20.406 Coswig (Sachsen)
13%
Brandenburg 14° 0´ 23.466 Senftenberg
13%
Keine übereinstimmenden Quizze gefunden
Verteilung der Resultate
Anzahl Personen mit jedem Resultat
Perzentil nach korrekt beantworteten Fragen
Ihre Resultats-Entwicklung
Sie haben dieses Quiz seit der letzten Aktualisierung nicht gespielt